| 000 | 01073nam a22002897a 4500 | ||
|---|---|---|---|
| 001 | 5814 | ||
| 003 | FISKH | ||
| 005 | 20250123103044.0 | ||
| 008 | 250123b cb ||||| |||| 00| 0 eng d | ||
| 020 | _a9780531154991 | ||
| 040 |
_aFISKH _beng _cFISKH _dFISKH |
||
| 050 | _aQH26.M29 | ||
| 082 | _a508.092 | ||
| 100 | _aMatthewson, Sarah | ||
| 245 |
_aOn the lookout : _bLives of naturalists / _cby Sarah Matthewson |
||
| 260 |
_aNew York : _bScholastic , _c2008. |
||
| 300 |
_a32 pages : _bcolor illustrations ; _c24 cm . |
||
| 490 | _aShockwave Social Studies | ||
| 505 | _aZ | ||
| 520 | _aCheck it out! Shocker facts, word stunners, and bite-sized bits of seriously strange information shake up reading interest in the Shockwave - the exciting new series that serves up the world's most extreme science and history for readers to discover. | ||
| 521 | 8 |
_a900
_bLexile IG |
|
| 521 | 8 |
_aZ
_bRaz-Plus |
|
| 650 |
_aNaturalist-Biography _vJuvenile literature |
||
| 700 |
_aMorrison, Ian _eEducational Consultant |
||
| 942 |
_2ddc _cBK _n0 |
||
| 999 |
_c5814 _d5814 |
||